| 000 | 00873nam a2200205 a 4500 | ||
|---|---|---|---|
| 003 | 0 | ||
| 005 | 20250513100402.0 | ||
| 008 | 021107s19uu xx 00 eng d | ||
| 050 |
_aPGS DS 667 _b.C967 2002 |
||
| 100 | _aCulalic, Raephael Vonn E. | ||
| 245 |
_aA survey on the selected existing Filipino traits of the grade six Filipino students and teachers of Southville International School School Year 2001-2002 / _cRaephael Vonn E. Culalic. |
||
| 260 |
_aLas PiƱas City, Philippines : _bSouthville International School and Colleges, _c2002. |
||
| 300 |
_a132 pages : _bcolored illustrations ; _c28 cm. |
||
| 504 | _aIncludes bibliographical references. | ||
| 650 | _aNational characteristics, Filipino. | ||
| 650 |
_aSocial values _zPhilippines. |
||
| 650 |
_aStudents _zPhilippines _vAttitudes. |
||
| 650 |
_aTeachers _zPhilippines _vAttitudes. |
||
| 942 |
_2lcc _cPASS |
||
| 999 |
_c96612 _d96612 |
||